000 00445nam a22001697a 4500
005 20180321122631.0
008 160519b xxu||||| |||| 00| 0 eng d
020 _a976-81-203-2060-4
041 _aeng
082 _b3172
_a338.5024658
100 _aPeterson / H. Craig Lewis / W.Cris
_94219
245 _aManagerial Economics
260 _aNew Delhi
_bPHI learning Pvt. Ltd.
_c2004
300 _a663
650 _aManagement
_9241
942 _cBK
999 _c1093
_d1093